000 00513nam a2200181Ia 4500
003 OSt
005 20240719114748.0
008 210210b1936 xxu||||| |||| 00| 0 eng d
040 _cAL
041 _aKannada
082 _a859/465
100 _aGOPALA NARAYANA KAJRAGI ಗೋಪಾಳ ನಾರಾಯಣ ಕರ್ಜಗಿ
_9140053
245 _aNicha Enamadara
_bನೀಚ ಇನಾಮದಾರ
260 _aAnandavana
_b-
_c1925
690 _aKannada Fiction
_9140056
906 _a021327
942 _2ddc
_cBK
999 _c145391
_d145391